000 01453cam a22002414a 4500
005 20250605164240.0
008 250528s ||||||||||||||||||||||||d
035 _a21289
020 _a9789602187401
040 _aGR-AtMCL
_bgre
_dGR-AtMCL
_eAACR2
245 1 _aΕπιχειρηματικότητα για Μικρές και Μεσαίες Επιχειρήσεις / Business Management
250 _a
260 _bΚριτική,
_c2011
300 _a800
520 _aΤο παρόν βιβλίο παρέχει μια συνσυαστική, ολοκληρωμένη και συγχρόνως καινοτομική μορφή των μικρομεσαίων επιχειρήσεων. Πρόλογος, Εισαγωγή, Κατανοώντας τις Μικρές Επιχειρήσεις και την Επιχειρηματικότητα, Η Δημιουργία Νέων Επιχειρήσεων, Το Κλείσιμο των Επιχειρήσεων, Η Επιχειρησιακή Ανάπτυξη, Χρηματοδότηση Μικρομεσαίων Επιχειρήσεων, Δημόσια Πολιτική και Μικρή Επιχείρηση, Μελέτες Περίπτωσης, Γλωσσάρι.
700 1 _aGreene Francis J
_97331
700 1 _aStorey David J
_97332
700 1 _aΦαφαλίου Ειρήνη
_97333
700 1 _aΧασσίδ Ιωσήφ
_94349
942 _cBK
999 _c6354
_d6354